| 000 | 00383nam a2200145Ia 4500 | ||
|---|---|---|---|
| 008 | 240729s9999 xx 000 0 und d | ||
| 022 | _a2300-6676 | ||
| 245 | 0 | _aCurrent Issues in Pharmacy and Medical Sciences | |
| 260 | _aPoland | ||
| 260 | _bSciendo | ||
| 650 | _aMedicine | ||
| 856 | _uhttps://doaj.org/toc/65d52354071d4032aa39911bf6b549d7 | ||
| 942 | _2ddc | ||
| 942 | _cDOAJEJ | ||
| 999 |
_c67551 _d67551 |
||
| 945 |
_a1 _bMadushi Gamage _c1 _dMadushi Gamage |
||